| 000 | 00834nam a22002417a 4500 | ||
|---|---|---|---|
| 005 | 20251023173803.0 | ||
| 008 | 250509b ||||| |||| 00| 0 eng d | ||
| 020 | _a9781861899019 | ||
| 040 | _cSSBUL | ||
| 041 | _aEnglish | ||
| 082 |
_223 _a959.1 Au _b25429 S-RH |
||
| 100 | 0 |
_aAung-Thwin, Michael. _910911 |
|
| 245 | 1 | 2 |
_aA History of Myanmar Since Ancient Times: _bTraditions and Transformations / _cMichael Aung-Thwin and Maitrii Aung-Thwin. |
| 260 |
_aLondon: _bReaktion Books, _c2012. |
||
| 300 |
_a325 pages; _billustrations,maps; _c24 cm. |
||
| 500 | _aS-RH: Mr. Ron Halsey Collection | ||
| 500 | _aIncludes reference and index. | ||
| 651 |
_aMyanmar _xPolitics and government |
||
| 651 |
_aMyanmar _xSocial conditions. _929423 |
||
| 651 |
_aMyanmar _vHistory |
||
| 700 | 0 |
_aAung- Thwin, Maitrii _929424 |
|
| 942 |
_2ddc _cBK1 |
||
| 999 |
_c43483 _d43483 |
||